000 00700nam a2200205Ia 4500
001 8245
003 GE_BSU
008 181216s||||||||xx |||||||||||||| ||und||
040 _cGE_BSU
245 _aРеферативный журнал.№10 2013.Экономика промышленности
245 _bВыходит 12раз в год.
245 _cгл. ред. Ран П.А Минакир, и др.
260 _aМосква.
260 _bВинити.
260 _c2013.
300 _a12ст,29см.
653 _aРеферативный журнал.Экономика промышленности.
653 _aЭкономика промышленности.
942 _cCR
999 _c41577
_d41577